The noble scholar, jurist, historian


 His Excellency Dr. Abdul Wahhab bin Ibrahim Abu Sulaiman, may Allah have mercy on him.


 He was born in Umm Al-Qura in the year 1356 AH.

الإبداع والتحديث في فكر سماحة الشيخ عبد الله بن محمد بن حميد / (Record no. 13808)

MARC details
000 -LEADER
fixed length control field 01097caa a2200229 ib4500
003 - CONTROL NUMBER IDENTIFIER
control field SA-RiAUC
005 - DATE AND TIME OF LATEST TRANSACTION
control field 20251230065402.0
008 - FIXED-LENGTH DATA ELEMENTS--GENERAL INFORMATION
fixed length control field 251229s2006 su g o f000f0 ara c
040 ## - CATALOGING SOURCE
Original cataloging agency SA-JeALM
Language of cataloging ara
Transcribing agency SA-RiAUC
Description conventions rda
043 ## - GEOGRAPHIC AREA CODE
Geographic area code a-su---
082 04 - DEWEY DECIMAL CLASSIFICATION NUMBER
Classification number 922.117
090 ## - LOCALLY ASSIGNED LC-TYPE CALL NUMBER (OCLC); LOCAL CALL NUMBER (RLIN)
Classification number (OCLC) (R) ; Classification number, CALL (RLIN) (NR) 922.117
Local cutter number (OCLC) ; Book number/undivided call number, CALL (RLIN) ا ب ن ح
100 1# - MAIN ENTRY--PERSONAL NAME
Personal name ابن حميد، صالح بن عبدالله
Relator term مؤلف.
245 12 - TITLE STATEMENT
Title الإبداع والتحديث في فكر سماحة الشيخ عبد الله بن محمد بن حميد /
Remainder of title مع نماذج تطبيقية لفتاواه
Statement of responsibility, etc. صالح بن عبدالله بن حميد
300 ## - PHYSICAL DESCRIPTION
Extent 29 صفحة :
Dimensions 20 سم .
336 ## - CONTENT TYPE
Content type term نص
Content type code txt
Source rdacontent
Materials specified مقالة
337 ## - MEDIA TYPE
Media type term بدون وسيط
Media type code n
Source rdamedia
600 17 - SUBJECT ADDED ENTRY--PERSONAL NAME
Personal name ابن حميد، عبد الله بن محمد بن عبد العزيز،
Dates associated with a name 1329-1402 هجري
Form subdivision مقالات ومحاضرات
General subdivision فلسفة
Source of heading or term aucnm
650 #7 - SUBJECT ADDED ENTRY--TOPICAL TERM
Topical term or geographic name entry element المصلحون السعوديون
Form subdivision مراجعات الكتب
-- مقالات ومحاضرات
General subdivision حياة فكرية
Source of heading or term aucsh
942 ## - ADDED ENTRY ELEMENTS (KOHA)
Source of classification or shelving scheme Dewey Decimal Classification
Koha item type Books
Suppress in OPAC No
949 ## - LOCAL PROCESSING INFORMATION (OCLC)
a SA-JeALM
d 251229
u osman123
n 1
Holdings
Withdrawn status Lost status Source of classification or shelving scheme Damaged status Not for loan Home library Current library Date acquired Total checkouts Full call number Barcode Date last seen Price effective from Koha item type
    Dewey Decimal Classification     DR AbdElwahab Library DR AbdElwahab Library 12/30/2025   922.117 ا ب ن ح 000022162 12/30/2025 12/30/2025 Books